Best FIFA 14 Cards - Statistics

General Stats
  • This quiz has been taken 100 times
    99 since last reset
  • The average score is 86 of 150
Answer Stats
nat. pos. club ovr. Answer % Correct
Flag of Argentina CF FC Barcelona (crest).svg 94 Lionel Messi
100%
Flag of Portugal LW Real Madrid Logo.svg 92 Cristiano Ronaldo
92%
Flag of Spain CM FC Barcelona (crest).svg 89 Andrés Iniesta
87%
Flag of Wales CF Real Madrid Logo.svg 87 Gareth Bale
87%
Flag of Italy GK Datei:Juventus Turin.svg 86 Gianluigi Buffon
86%
Flag of France LM FC Bayern München logo (2017) 90 Franck Ribéry
85%
Flag of Spain CM FC Barcelona (crest).svg 89 Xavi
85%
Flag of Sweden ST Paris Saint-Germain F.C..svg 89 Zlatan Ibrahimović
85%
Flag of the Netherlands RM FC Bayern München logo (2017) 88 Arjen Robben
83%
Flag of Spain LM A badge depicting a shield with an eagle behind it. On the shield is a picture of a ship, the initials M.C.F.C. and three diagonal stripes. Below the shield is a ribbon with the motto 88 David Silva
83%
Flag of Uruguay ST Liverpool FC.svg 88 Luis Suárez
83%
Flag of Germany CAM Arsenal FC.svg 87 Mesut Özil
83%
Flag of Poland ST Borussia Dortmund logo.svg 86 Robert Lewandowski
83%
Flag of Poland ST ->FC Bayern München logo (2017) 86 Robert Lewandowski
83%
Flag of Argentina ST A badge depicting a shield with an eagle behind it. On the shield is a picture of a ship, the initials M.C.F.C. and three diagonal stripes. Below the shield is a ribbon with the motto 88 Sergio Agüero
83%
Flag of Brazil CB Paris Saint-Germain F.C..svg 87 Thiago Silva
83%
Flag of Belgium LM Chelsea FC.svg 88 Eden Hazard
82%
Flag of Uruguay ST Paris Saint-Germain F.C..svg 87 Edinson Cavani
82%
Flag of Spain GK Real Madrid Logo.svg 86 Iker Casillas
82%
Flag of Colombia ST LogoASMonacoFC2021.svg 90 Radamel Falcao
82%
Flag of Colombia ST ->Logo 90 Radamel Falcao
82%
Flag of the Netherlands ST Logo 89 Robin van Persie
82%
Flag of Belgium CB A badge depicting a shield with an eagle behind it. On the shield is a picture of a ship, the initials M.C.F.C. and three diagonal stripes. Below the shield is a ribbon with the motto 86 Vincent Kompany
82%
Flag of Côte d'Ivoire CM A badge depicting a shield with an eagle behind it. On the shield is a picture of a ship, the initials M.C.F.C. and three diagonal stripes. Below the shield is a ribbon with the motto 86 Yaya Touré
81%
Flag of Spain CB FC Barcelona (crest).svg 86 Gerard Piqué
79%
Flag of Spain CB Real Madrid Logo.svg 86 Sergio Ramos
79%
Flag of England CF Logo 87 Wayne Rooney
79%
Flag of Argentina RM Real Madrid Logo.svg 86 Ángel Di María
78%
Flag of Argentina RM ->Logo 86 Ángel Di María
78%
Flag of Italy CB Datei:Juventus Turin.svg 86 Giorgio Chiellini
78%
Flag of Germany GK FC Bayern München logo (2017) 86 Manuel Neuer
78%
Flag of Serbia CB Logo 87 Nemanja Vidić
78%
Flag of Serbia CB ->2014 bis 2021 87 Nemanja Vidić
78%
Flag of Germany CM FC Bayern München logo (2017) 88 Bastian Schweinsteiger
77%
Flag of France ST Real Madrid Logo.svg 85 Karim Benzema
76%
Flag of Spain CDM FC Barcelona (crest).svg 85 Sergio Busquets
76%
Flag of Italy CM Datei:Juventus Turin.svg 86 Andrea Pirlo
74%
CM Real Madrid Logo.svg 85 Luka Modrić
74%
Flag of Chile CM Datei:Juventus Turin.svg 86 Arturo Vidal
73%
Flag of Germany CB Borussia Dortmund logo.svg 85 Mats Hummels
73%
Flag of the Czech Republic GK Chelsea FC.svg 85 Petr Čech
73%
Flag of Germany CAM FC Bayern München logo (2017) 84 Toni Kroos
73%
Flag of Germany CAM ->Real Madrid Logo.svg 84 Toni Kroos
73%
Flag of Spain CM FC Barcelona (crest).svg 86 Cesc Fàbregas
72%
Flag of Spain CM ->Chelsea FC.svg 86 Cesc Fàbregas
72%
Flag of Argentina ST SSC Napoli (Gradient) 84 Gonzalo Higuaín
72%
Flag of France GK Logo 84 Hugo Lloris
72%
Flag of England LB Chelsea FC.svg 85 Ashley Cole
71%
Flag of England LB ->AS Roma logo (2017).svg 85 Ashley Cole
71%
Flag of Germany CDM FC Bayern München logo (2017) 87 Philipp Lahm
71%
Flag of Belgium GK Atletico Madrid Logo 2024.svg 84 Thibaut Courtois
71%
Flag of Belgium GK ->Chelsea FC.svg 84 Thibaut Courtois
71%
Flag of Germany RM FC Bayern München logo (2017) 85 Thomas Müller
71%
Flag of Spain CDM Real Madrid Logo.svg 85 Xabi Alonso
71%
Flag of Spain CDM ->FC Bayern München logo (2017) 85 Xabi Alonso
71%
Flag of Germany LM Borussia Dortmund logo.svg 85 Marco Reus
69%
Flag of Cameroon ST Chelsea FC.svg 84 Samuel Eto'o
69%
Flag of Cameroon ST ->Everton FC logo.svg 84 Samuel Eto'o
69%
Flag of Spain CAM Chelsea FC.svg 87 Juan Mata
68%
Flag of Spain CAM ->Logo 87 Juan Mata
68%
Flag of Slovenia GK 2014 bis 2021 84 Samir Handanovič
68%
Flag of Brazil RB FC Barcelona (crest).svg 84 Dani Alves
67%
Flag of Colombia CAM LogoASMonacoFC2021.svg 83 James Rodríguez
65%
Flag of Colombia CAM ->Real Madrid Logo.svg 83 James Rodríguez
65%
Flag of Brazil LW FC Barcelona (crest).svg 84 Neymar
65%
Flag of Brazil CAM Chelsea FC.svg 84 Oscar
64%
Flag of Spain LW FC Barcelona (crest).svg 85 Pedro
62%
Flag of Argentina ST Datei:Juventus Turin.svg 86 Carlos Tévez
60%
Flag of Spain ST Atletico Madrid Logo 2024.svg 84 Diego Costa
60%
Flag of Spain ST ->Chelsea FC.svg 84 Diego Costa
60%
Flag of Germany CDM Real Madrid Logo.svg 84 Sami Khedira
60%
Flag of Slovakia CAM SSC Napoli (Gradient) 84 Marek Hamšik
59%
Flag of Portugal CB Real Madrid Logo.svg 83 Pepe
59%
Flag of Bosnia and Herzegovina ST A badge depicting a shield with an eagle behind it. On the shield is a picture of a ship, the initials M.C.F.C. and three diagonal stripes. Below the shield is a ribbon with the motto 83 Edin Džeko
58%
Flag of England CB Chelsea FC.svg 83 John Terry
58%
Flag of Côte d'Ivoire ST Ilustracja 83 Didier Drogba
56%
Flag of Côte d'Ivoire ST ->Chelsea FC.svg 83 Didier Drogba
56%
Flag of Brazil RW Ilustracja 84 Hulk
55%
Flag of Argentina CB FC Barcelona (crest).svg 84 Javier Mascherano
55%
Flag of Brazil LB Real Madrid Logo.svg 83 Marcelo
55%
Flag of France LM A badge depicting a shield with an eagle behind it. On the shield is a picture of a ship, the initials M.C.F.C. and three diagonal stripes. Below the shield is a ribbon with the motto 84 Samir Nasri
55%
Flag of the Netherlands CAM Ilustracja 84 Wesley Sneijder
55%
Flag of Italy CDM AS Roma logo (2017).svg 84 Daniele De Rossi
54%
Flag of the Netherlands ST Ilustracja 84 Klaas-Jan Huntelaar
54%
Flag of Spain GK SSC Napoli (Gradient) 83 Pepe Reina
54%
Flag of Spain GK ->Liverpool FC.svg 83 Pepe Reina
54%
Flag of Spain GK ->FC Bayern München logo (2017) 83 Pepe Reina
54%
Flag of England CM Liverpool FC.svg 83 Steven Gerrard
54%
Flag of Turkey LM Atletico Madrid Logo 2024.svg 84 Arda Turan
53%
Flag of Spain CB FC Bayern München logo (2017) 84 Javi Martínez
53%
Flag of Italy ST Ilustracja 84 Mario Balotelli
53%
Flag of Italy ST ->Liverpool FC.svg 84 Mario Balotelli
53%
Flag of Germany ST Miniatura Plik:ACF Fiorentina.svg 86 Mario Gómez
51%
Flag of Germany ST S.S. Lazio badge.svg 83 Miroslav Klose
51%
Flag of Italy CM Datei:Juventus Turin.svg 84 Claudio Marchisio
50%
Flag of England GK A badge depicting a shield with an eagle behind it. On the shield is a picture of a ship, the initials M.C.F.C. and three diagonal stripes. Below the shield is a ribbon with the motto 83 Joe Hart
50%
Flag of Germany CAM FC Bayern München logo (2017) 85 Mario Götze
50%
Flag of Spain RM A badge depicting a shield with an eagle behind it. On the shield is a picture of a ship, the initials M.C.F.C. and three diagonal stripes. Below the shield is a ribbon with the motto 85 Jesús Navas
49%
Flag of Spain GK FC Barcelona (crest).svg 83 Víctor Valdés
49%
Flag of Spain CB FC Barcelona (crest).svg 83 Carles Puyol
47%
Flag of Argentina LW Paris Saint-Germain F.C..svg 85 Ezequiel Lavezzi
47%
ST FC Bayern München logo (2017) 83 Mario Mandžukić
47%
ST ->Atletico Madrid Logo 2024.svg 83 Mario Mandžukić
47%
Flag of Brazil CB FC Bayern München logo (2017) 84 Dante
46%
Flag of Spain ST Atletico Madrid Logo 2024.svg 83 David Villa
46%
Flag of Spain ST ->MelbournHeartLogo.png 83 David Villa
46%
Flag of Uruguay CB Atletico Madrid Logo 2024.svg 83 Diego Godín
46%
Flag of Spain CAM Real Madrid Logo.svg 84 Isco
46%
Flag of Morocco CB AS Roma logo (2017).svg 84 Medhi Benatia
46%
Flag of Morocco CB ->FC Bayern München logo (2017) 84 Medhi Benatia
46%
Flag of Italy CB Datei:Juventus Turin.svg 84 Andrea Barzagli
45%
Flag of Italy ST Udinese Calcio logo.svg 85 Antonio Di Natale
45%
Flag of Ecuador RM Logo 83 Antonio Valencia
45%
Flag of Portugal RM Logo 83 Nani
45%
Flag of Portugal RM ->File:Sporting Clube de Portugal (Logo).svg 83 Nani
45%
Flag of England CB Logo 83 Rio Ferdinand
45%
Flag of England CB ->Queensparkrangersfclogo.svg 83 Rio Ferdinand
45%
Flag of Japan LM Logo 83 Shinji Kagawa
45%
Flag of Japan CAM ->Borussia Dortmund logo.svg 83 Shinji Kagawa
45%
Flag of France GK Olympique Marseille logo.svg 83 Steve Mandanda
44%
Flag of Spain LM Arsenal FC.svg 85 Santi Cazorla
41%
Flag of Russia GK Club crest 84 Igor Akinfeev
37%
Flag of Germany GK Borussia Dortmund logo.svg 83 Roman Weidenfeller
37%
Flag of Italy GK Paris Saint-Germain F.C..svg 84 Salvatore Sirigu
37%
Flag of Cameroon CDM FC Barcelona (crest).svg 83 Alex Song
36%
Flag of Montenegro ST A badge depicting a shield with an eagle behind it. On the shield is a picture of a ship, the initials M.C.F.C. and three diagonal stripes. Below the shield is a ribbon with the motto 84 Stevan Jovetić
36%
Flag of Portugal CM LogoASMonacoFC2021.svg 83 João Moutinho
35%
Flag of England LB Everton FC logo.svg 83 Leighton Baines
35%
Flag of Brazil CAM Logo-VfL-Wolfsburg 84 Diego
33%
Flag of Brazil CAM ->Atletico Madrid Logo 2024.svg 84 Diego
33%
Flag of Spain GK Real Madrid Logo.svg 83 Diego López
33%
Flag of Spain GK ->Ilustracja 83 Diego López
33%
Flag of Poland RB Borussia Dortmund logo.svg 83 Łukasz Piszczek
33%
File:Flag of Peru (state).svg RM Ilustracja 83 Jefferson Farfán
32%
Flag of Brazil RM Chelsea FC.svg 83 Willian
32%
Flag of France CB Arsenal FC.svg 83 Laurent Koscielny
31%
Flag of Spain ST A badge depicting a shield with an eagle behind it. On the shield is a picture of a ship, the initials M.C.F.C. and three diagonal stripes. Below the shield is a ribbon with the motto 84 Álvaro Negredo
29%
Flag of Spain ST ->Valenciacf.svg 84 Álvaro Negredo
29%
Flag of Germany CM Borussia Dortmund logo.svg 84 İlkay Gündoğan
29%
Flag of Poland RM Borussia Dortmund logo.svg 83 Jakub Błaszczykowski
27%
Flag of Spain ST Logo 84 Roberto Soldado
26%
Flag of the Netherlands CAM File:Hamburger SV logo.svg 83 Rafael van der Vaart
22%
Flag of Italy CDM Ilustracja 84 Riccardo Montolivo
18%
Flag of Germany GK File:Hamburger SV logo.svg 84 René Adler
13%
Flag of Portugal LW Ilustracja 83 Danny
12%
Flag of Montenegro ST Datei:Juventus Turin.svg 83 Mirko Vučinić
12%
Flag of Italy GK S.S. Lazio badge.svg 84 Federico Marchetti
8%
Flag of Brazil CM S.S. Lazio badge.svg 83 Hernanes
8%
Flag of Brazil CM ->2014 bis 2021 83 Hernanes
8%
Flag of Italy CAM File:Logo of Bologna FC 1909 (1993-2018).svg 83 Alessandro Diamanti
1%
No matching quizzes found
Score Distribution
Percent of People with Each Score
Percentile by Number Answered
Your Score History
You have not taken this quiz since the last reset